000
00323pab a2200145 454500
008
180718b1987 xxu||||| |||| 00| 0 eng d
100
_a
Unvala, S.P.
245
_a
Challenges for the future
260
_c
1987
300
_a
17-29
362
_a
July
650
_a
Water Supply
773
_a
Civic Affairs
909
_a
20613
999
_c
20613
_d
20613